| 000 | 00512nam a22001697a 4500 | ||
|---|---|---|---|
| 003 | OSt | ||
| 005 | 20220107122759.0 | ||
| 008 | 150421b xxu||||| |||| 00| 0 eng d | ||
| 040 | _c | ||
| 100 |
_aSreejith H (93613031) _96728 |
||
| 245 | _aNetwork hoping detector | ||
| 500 | _aMini Project Report, MSc. CSIS, Third Semester | ||
| 502 |
_bMSc. Computer Science and Information Security _c2013 - 2015 _dINT _eTony Thomas |
||
| 650 |
_aCOMPUTER SECURITY _96729 |
||
| 650 |
_aNETWORK HOPING _96730 |
||
| 942 |
_2ddc _cPR |
||
| 999 |
_c4673 _d4673 |
||